000 00389nam a2200145 i 4500
001 bg
100 1 _aZiabicki, Andrzej
_d(1933- ).
245 0 _aTeoria nukleacji w układach giętkich łańcuchów /
_cA. Ziabicki, L. Jarecki.
260 _aWarszawa,
_c1985.
700 1 _aJarecki, Leszek.
040 _cBPK
041 _apol
942 _cKS
008 s pl f |000 0 pol
999 _c28316
_d28316
856 _uhttp://koha.tu.koszalin.pl/cgi-bin/koha/opac-detail.pl?biblionumber=28316
_yKatalog online BPK